000 00868nam a2200253Ia 4500
003 OSt
005 20220923220650.0
006 a|||||r|||| 00| 0
007 ta
008 220922b |||||||| |||| 00| 0 hin d
024 _a188,852
037 _cTextual
040 _aARTS
_cARTS
_bhin
041 _2hin
_ahin
082 _aO152,2M89:g, L7
100 _aजनतेजय, प्रेम
245 0 _aप्रसाद के नाटको में हास्य व्यंग्य
246 _aPrasād ke nāṭako mean hāsya vyangya
260 _aदिल्ली
_b उषा साहित्य सदन
_c1977
300 _a14]137 पृ.
_ccm.
650 _aहिन्दी साहित्य
_9156264
942 _hO152,2M89:g, L7
_cTEXL
_2CC
999 _c341735
_d341735